| 000 | 01157cam a22003373a 4500 | ||
|---|---|---|---|
| 001 | 2540 | ||
| 003 | PGUSA | ||
| 005 | 20140828083016.0 | ||
| 008 | 041128s2004||||xxu|||||s|||||000 | eng d | ||
| 040 |
_aPGUSA _beng |
||
| 042 | _adc | ||
| 050 | 4 | _aPR | |
| 100 | 1 |
_aGosse, Edmund, _d1849-1928 |
|
| 245 | 1 | 0 |
_aFather and Son : _bA Study of Two Temperaments _h[electronic resource] / _cEdmund Gosse |
| 260 |
_bProject Gutenberg, _c2004 |
||
| 506 | _aPublic domain in the USA. | ||
| 516 | _aElectronic text | ||
| 653 | _aAuthors, English -- 19th century -- Family relationships | ||
| 653 | _aFathers and sons -- England | ||
| 653 | _aEngland -- Social life and customs -- 19th century | ||
| 653 | _aGosse, Edmund, 1849-1928 -- Childhood and youth | ||
| 653 | _aAuthors, English -- 19th century -- Biography | ||
| 653 | _aPlymouth Brethren -- England -- Biography | ||
| 653 | _aZoologists -- Great Britain -- Biography | ||
| 653 | _aApostasy | ||
| 653 | _aGosse, Philip Henry, 1810-1888 | ||
| 653 | _aConflict of generations -- England | ||
| 830 | 0 |
_aProject Gutenberg _v2540 |
|
| 856 | 4 | 0 | _uhttp://www.gutenberg.org/ebooks/2540 |
| 942 | _cEB | ||
| 999 |
_c231877 _d231877 |
||